Business economics / (Record no. 20560)

MARC details
000 -LEADER
fixed length control field 00821nam a22002418a 4500
005 - DATE AND TIME OF LATEST TRANSACTION
control field 20080908163306.0
008 - FIXED-LENGTH DATA ELEMENTS--GENERAL INFORMATION
fixed length control field 080829s2008 cau b 001 0 eng
010 ## - LCCN (DPL NO)
LC control number ENG-92353
020 ## - INTERNATIONAL STANDARD BOOK NUMBER
Terms of availability 80.00
035 ## - SYSTEM CONTROL NUMBER
System control number EN-75886
037 ## - SOURCE OF ACQUISITION
Source of stock number/acquisition DBAD / PUB
040 ## - CATALOGING SOURCE
Original cataloging agency dpl
Language of cataloging English
082 ## - DEWEY DECIMAL CLASSIFICATION NUMBER
Classification number 338.7
100 ## - MAIN ENTRY--PERSONAL NAME
Personal name Geetha, T.N.
245 ## - TITLE STATEMENT
Title Business economics /
Statement of responsibility, etc by T.N. Geetha
260 ## - PUBLICATION, DISTRIBUTION, ETC. (IMPRINT)
Place of publication, distribution, etc Erode
Name of publisher, distributor, etc Pallavi Pathippagam
Date of publication, distribution, etc 2008
270 ## - ADDRESS
Address 194, Kanna Complex, Mettur Road,
City Erode
Postal code 11
300 ## - PHYSICAL DESCRIPTION
Extent 236p.
Dimensions 20cm (pbk)
650 ## - SUBJECT ADDED ENTRY--TOPICAL TERM
Topical term or geographic name as entry element Business economics
650 ## - SUBJECT ADDED ENTRY--TOPICAL TERM
Topical term or geographic name as entry element Managerial economics
942 ## - ADDED ENTRY ELEMENTS (KOHA)
Source of classification or shelving scheme Dewey Decimal Classification
Item type English Books
Call number suffix GEE
Classification part 338.7
Holdings
Withdrawn status Lost status Source of classification or shelving scheme Damaged status Not for loan Collection code Home library Current library Date acquired Source of acquisition Cost, normal purchase price Total Checkouts Full call number Barcode Date last seen Copy number Cost, replacement price Koha item type
    Dewey Decimal Classification   Not For Loan Non-fiction D.B.Act.Division D.B.Act.Division 05/01/2009 DBAB / PUB 80.00   338.7 GEE EN-75886 05/01/2009 1 80.00 English Books

© Delhi Public Library
Hit Counter
free hit counter